Proyectos ambientales en la industria (Registro nro. 3774)

Detalles MARC
000 -Cabecera
Campo de control de longitud fija 00739aam a2200289 4500
005 - Fecha y hora de la última transacción
Campo de control 20251215143922.0
008 - Elementos de longitud fija--Información general
Campo de control de longitud fija 150309b2007 xxu||||| |||| 00| 0 spa d
020 ## - International Standard Book Number
Número Internacional Estándar del Libro (ISBN) 9789702410355
041 ## - Idioma
Código de idioma Español
082 ## - Clasificación Decimal Dewey
Número de clasificación 363.737 B116p
100 ## - Entrada principal--Autor personal
Nombre personal Baca Urbina, Gabriel
100 ## - Entrada principal--Autor personal
Nombre personal Cruz Valderrama, Margarita
100 ## - Entrada principal--Autor personal
Nombre personal Romero Vallejo, José Sergio
245 ## - Título propiamente dicho
Título Proyectos ambientales en la industria
260 ## - Pie de imprenta
Lugar de publicación, distribución, etc. México
260 ## - Pie de imprenta
Nombre del editor, distribuidor, etc. Patria
260 ## - Pie de imprenta
Fecha de publicación, distribución, etc. 2007
300 ## - Descripción física
Extensión 280 páginas
490 ## - Serie
Título de la Serie Turismo
650 ## - Materia general
Temática (materia general) CONTAMINACION AMBIENTAL
650 ## - Materia general
Temática (materia general) INVERSIONES ECONOMICAS
650 ## - Materia general
Temática (materia general) ESTUDIOS TECNICOS
650 ## - Materia general
Temática (materia general) ECOLOGÍA
650 ## - Materia general
Temática (materia general) INVERSIONES ECOLÓGICAS
942 ## - Punto de acceso adicional KOHA
Tipo de ítem KOHA Libro
Fuente del sistema de clasificación o colocación Dewey Decimal Classification
Existencias
Signatura completa Código de barras Programa Académico Tipo de ítem
363.737 B116p 12566 Turismo Libro